| 000 | 01035nam a2200265Ia 4500 | ||
|---|---|---|---|
| 003 | OSt | ||
| 005 | 20220923211530.0 | ||
| 006 | a|||||r|||| 00| 0 | ||
| 007 | ta | ||
| 008 | 220922b |||||||| |||| 00| 0 san d | ||
| 020 |
_a9789381721001 (hbk) _c1100 |
||
| 024 | _a266,232 | ||
| 037 |
_b112, 09/08/2012, Eastern Book Linkers _cTextual |
||
| 040 |
_aARTS _cARTS _bsan |
||
| 041 |
_2san _asan |
||
| 082 | _aR6xM88:g, 152Q2 | ||
| 100 |
_aसिन्हा, प्रियंवदा; प्रियंवद, पीयूष _9160717 |
||
| 245 | 0 | _aभारती विद्या | |
| 246 | _aBhāratī vidyā | ||
| 260 |
_aवाराणसी _b कला एंव धर्म शोध संस्थान _c2012 |
||
| 300 |
_a408पृ0 _ccm. |
||
| 650 | _aभारतीय दर्शन | ||
| 942 |
_hR6xM88:g, 152Q2 _cTEXL _2CC |
||
| 999 |
_c300514 _d300514 |
||